000 00448nam a22001817a 4500
003 LK-CoDNM
005 20250206093822.0
008 250131b |||||||| |||| 00| 0 eng d
040 _aLK-CoDNM
_dLK-CoDNM
_eLK-CoDNM
041 _aeng
080 _a125
111 _aHutchinson Jonathan
245 _aCompendium wander the wander products
260 _aswisland
_bwander
_c1943
300 _a110p. ; 24 cm
650 _ascience
942 _cBK
999 _c237889
_d237889